000
00307nam a2200121Ia 4500
008
150731s2013 xx 000 0 und d
082
_a
615.538
_b
V 13 S
100
_a
SINGH,VINOD KUMAR
245
_a
VAT VYDHI CHIKITSA VIGYAN
260
_b
CHAUKHAMBHA PUB. NEW DELHI
_c
2013
300
_a
160
942
_2
ddc
_c
BK
999
_c
7737
_d
7737